[Event "Piauiense-ch sf2"]
[Site "Teresina"]
[Date "2019.05.19"]
[Round "4.5"]
[White "Luz, Christian Oliveira"]
[Black "Teixeira Junior, Gilberto Alves"]
[Result "0-1"]
[WhiteElo "1336"]
[BlackElo "1857"]
[PlyCount "60"]
[EventDate "2019.05.17"]
[EventType "swiss"]
[EventRounds "5"]
[EventCountry "BRA"]
[SourceTitle "EXT 2022"]
[Source "ChessBase"]
[SourceDate "2021.10.06"]
[SourceVersion "1"]
[SourceVersionDate "2021.10.06"]
[SourceQuality "1"]

1. d4 Nf6 2. c4 e6 3. Nc3 Bb4 4. Nf3 d5 5. e3 0-0 6. cxd5 exd5 7. Bd3 Bg4 8. a3 Bd6 9. 0-0 Re8 10. Be2 c6 11. b3 Nbd7 12. Bb2 Rc8 13. Rc1 Qe7 14. a4 Bb8 15. Re1 Qd6 16. g3 Ne4 17. Bf1 Qf6 18. Be2 Qh6 19. Qc2 Ndf6 20. Nxe4 Nxe4 21. Nd2 Nxf2 22. Nf1 Bxe2 23. Qxe2 Nh3+ 24. Kh1 Re6 25. Qg2 Rce8 26. Rc3 Ng5 27. Bc1 Ne4 28. Rc2 Rg6 29. Kg1 Ree6 30. b4 Rg4 0-1

[Event "Piauiense-ch sf2"]
[Site "Teresina"]
[Date "2019.05.19"]
[Round "5.1"]
[White "Teixeira Junior, Gilberto Alves"]
[Black "Amorim, Gidelson Ferreira"]
[Result "0-1"]
[WhiteElo "1857"]
[BlackElo "2014"]
[PlyCount "78"]
[EventDate "2019.05.17"]
[EventType "swiss"]
[EventRounds "5"]
[EventCountry "BRA"]
[SourceTitle "EXT 2022"]
[Source "ChessBase"]
[SourceDate "2021.10.06"]
[SourceVersion "1"]
[SourceVersionDate "2021.10.06"]
[SourceQuality "1"]

1. e4 c5 2. Nf3 Nc6 3. d4 cxd4 4. Nxd4 e5 5. Nb5 d6 6. c4 a6 7. N5a3 f5 8. exf5 Bxf5 9. Nc3 Nf6 10. Bg5 Be7 11. Bxf6 Bxf6 12. Bd3 Be6 13. 0-0 0-0 14. Nc2 Bg5 15. Ne4 g6 16. b4 Be7 17. Rb1 d5 18. cxd5 Bxd5 19. Qe2 Qe8 20. a4 a5 21. Nc3 Bf7 22. b5 Nb4 23. Be4 Rc8 24. Nxb4 Rxc3 25. Nd5 Rc5 26. Rfd1 Be6 27. Rbc1 Rf7 28. Nc7 Qc8 29. b6 Bb3 30. Rf1 Bd6 31. Rxc5 Bxc5 32. Qb5 Qg4 33. Bd3 Bxf2+ 34. Rxf2 Qd4 35. Qe8+ Kg7 36. Qxf7+ Bxf7 37. Bb5 e4 38. Be8 Bc4 39. g4 e3 0-1

[Event "Teresina-ch"]
[Site "Teresina"]
[Date "2019.03.16"]
[Round "3.6"]
[White "Silva Sobrinho, Agostinho Jose"]
[Black "Teixeira Junior, Gilberto Alves"]
[Result "1-0"]
[WhiteElo "2073"]
[BlackElo "1875"]
[PlyCount "69"]
[EventDate "2019.03.15"]
[EventType "swiss"]
[EventRounds "5"]
[EventCountry "BRA"]
[SourceTitle "EXT 2022"]
[Source "ChessBase"]
[SourceDate "2021.10.06"]
[SourceVersion "1"]
[SourceVersionDate "2021.10.06"]
[SourceQuality "1"]

1. d4 Nf6 2. c4 g6 3. Nc3 d5 4. cxd5 Nxd5 5. Nf3 Bg7 6. e4 Nxc3 7. bxc3 c5 8. Be3 Nc6 9. Rc1 0-0 10. Be2 cxd4 11. cxd4 Qa5+ 12. Qd2 Qxd2+ 13. Kxd2 Bg4 14. d5 Rfd8 15. Rhd1 e6 16. Ke1 exd5 17. exd5 Nb4 18. Bc4 a5 19. a3 Na6 20. Rb1 Rd7 21. Bb5 Rd6 22. Bf4 Rdd8 23. Bg5 Bc3+ 24. Kf1 f6 25. Be3 Bf5 26. Bd3 Rxd5 27. Bc4 Bxb1 28. Bxd5+ Kg7 29. Rxb1 Rd8 30. Rxb7+ Kh8 31. Bc4 Nb8 32. Rb3 Ba1 33. Rb7 Nc6 34. Bh6 f5 35. Ng5 1-0